| 000 | 01396cam a22003494a 4500 | ||
|---|---|---|---|
| 001 | bwi09362715 | ||
| 003 | KyLxBWI | ||
| 005 | 20200113150039.0 | ||
| 008 | 040706s2005 mnua j 001 0 spa | ||
| 010 | _a2004052990 | ||
| 020 | _a0736841792 | ||
| 020 | _a9780736841795 | ||
| 040 |
_aDLC _cDLC _dDLC _dICrlF _dKyLxBWI |
||
| 041 | 1 |
_aspa _heng |
|
| 042 | _apcc | ||
| 092 |
_fJSP _a624 _bBauer |
||
| 100 | 1 |
_aBauer, David, _d1963- |
|
| 245 | 1 | 3 |
_aLa gente cambia la tierra / _cpor David Bauer ; [adapted translations, Gloria Ramos]. |
| 260 |
_aMankato, Minn. : _bYellow Umbrella Books, _cc2005. |
||
| 300 |
_a17 p. : _bcol. ill. ; _c21 cm. |
||
| 490 | 1 | _aYellow umbrella books for early readers. | |
| 500 | _aIncludes index. | ||
| 500 | _aTranslation of: People change the land. | ||
| 520 | _aDescribe como la gente cambia el paisaje cuando cultivan la tierra o construyen pueblos y ciudades. | ||
| 520 | _aPresents a children's book that describes the many ways that people have changed the landscape such as when farmers cultivate the land, when cities and towns are built, as well as bridges, tunnels, and dams. | ||
| 546 | _aText in Spanish. | ||
| 650 | 1 | _aCivil engineering. | |
| 650 | 1 | _aLand use. | |
| 700 | 1 |
_aBauer, David, _d1963- _tPeople change the land. _lSpanish. |
|
| 830 | 0 |
_aYellow umbrella books for early readers. _pSocial studies. _lSpanish. |
|
| 942 |
_2ddc _cBK |
||
| 999 |
_c23672 _d23672 |
||